Μουσεία και σχολεία : διάλογος και συνεργασίες, αναπαραστάσεις και πρακτικές
Αποθηκεύτηκε σε:
| Άλλοι συγγραφείς: | |
|---|---|
| Μορφή: | Βιβλίο |
| Γλώσσα: | Greek |
| Δημοσίευση: |
Αθήνα :
Τυπωθήτω - Γ. Δαρδανός,
2000
|
| Θέματα: | |
| Ετικέτες: |
Προσθήκη ετικέτας
Δεν υπάρχουν, Καταχωρήστε ετικέτα πρώτοι!
|
MARC
| LEADER | 00000cam a2200000 i 4500 | ||
|---|---|---|---|
| 001 | 1/28904 | ||
| 008 | 021112s2000 gre d | ||
| 020 | |a 960-8041-60-0 | ||
| 035 | |l 10068700 | ||
| 040 | |a GR-MY-UA |b gre |e aacr | ||
| 041 | 0 | |a gre | |
| 082 | 0 | |a 069.15 | |
| 245 | 1 | 0 | |a Μουσεία και σχολεία : |b διάλογος και συνεργασίες, αναπαραστάσεις και πρακτικές / |c Αίγλη Ζαφειράκου επιμέλεια |
| 260 | |a Αθήνα : |b Τυπωθήτω - Γ. Δαρδανός, |c 2000 | ||
| 300 | |a 134 σ. | ||
| 650 | 0 | 0 | |a Museums and schools. |
| 650 | 0 | 0 | |a Museums |x Educational aspects. |
| 700 | 1 | |a Ζαφειράκου, Αίγλη. |4 edt | |
| 852 | |a INST |b LESVOS |e 20070928 |h 069.15 ΜΟΥ |p 005100037634 |q 005100037634 |t BK |y 0 | ||
| 852 | |a INST |b LESVOS |e 20110608 |h 069.15 ΜΟΥ |p 005100048906 |q 005100048906 |t BK |y 0 | ||
| 852 | |a INST |b LESVOS |e 20110608 |h 069.15 ΜΟΥ |p 005100048907 |q 005100048907 |t BK |y 0 | ||
| 852 | |a INST |b LESVOS |e 20130221 |h 069.15 ΜΟΥ |p 005100051938 |q 005100051938 |t BK |y 0 | ||
| 852 | |a INST |b LESVOS |e 20130221 |h 069.15 ΜΟΥ |p 005100051939 |q 005100051939 |t BK |y 0 | ||
| 852 | |a INST |b LESVOS |e 20130221 |h 069.15 ΜΟΥ |p 005100051940 |q 005100051940 |t BK |y 0 | ||
| 852 | |a INST |b RHODES |e 20021112 |h 370.0755 ΜΟΥ |p 005400016066 |q 005400016066 |t BK |y 0 | ||
| 901 | |a BIBL4-2002-3 | ||
| 901 | |a BIBL1-2007-3 | ||
| 901 | |a BIBL1-2011-2 | ||
| 901 | |a BIBL1-2013-1 | ||
| 909 | |a Ρ |b 101466 | ||
| 909 | |a Λ |b 139060 | ||
| 909 | |a Λ |b 168067 | ||
| 909 | |a Λ |b 168068 | ||
| 909 | |a Λ |b 177959 | ||
| 909 | |a Λ |b 177960 | ||
| 909 | |a Λ |b 177961 | ||
| 922 | |a 4ΕΛΗ |b 200210 |c ΒΙΒΛΙΟΘΗΚΗ |d ΔΕΝΤΡΟ | ||
| 922 | |a 1ΕΛΗ |b 2007-09 |c ΕΠΕΑΕΚ2/ΠΤΕ |d Σ. ΠΑΤΑΚΗΣ | ||
| 950 | |a 094-2002-10-05 | ||
| 970 | |a ΚΟΥΛΑΚΙΟΤΗ |b ΛΙΤΣΑ |z 2002/12/11 | ||